| 000 | 00404pab a2200145 454500 | ||
|---|---|---|---|
| 008 | 180718b1998 xxu||||| |||| 00| 0 eng d | ||
| 100 | _aBanerjee-Guha, Swapna | ||
| 245 | _aIndustrial geography and studies on multinational corporations | ||
| 260 | _c1998 | ||
| 300 | _ap.159-62 | ||
| 362 | _a31 Jan | ||
| 650 | _aTransnational corporations | ||
| 773 | _aEconomic and Political Weekly | ||
| 909 | _a36383 | ||
| 999 |
_c36383 _d36383 |
||